Quick Pick: Emmy Winners Quiz Stats

 Plays Quiz not verified by Sporcle

Challenge
Share
Tweet
Score 0/11 Timer 01:00
0 Plays Today
% Correct
The Cosby Show
94.1%
The Mary Tyler Moore Show
90.1%
The Golden Girls
90.1%
M*A*S*H
82.6%
Cheers
82.2%
Modern Family
78.3%
All in the Family
68%
Taxi
61.3%
Frasier
60.9%
Northern Exposure
54.2%
Mission: Impossible
45.1%

You're not logged in!

Compare scores with friends on all Sporcle quizzes.
OR
Log In

You Might Also Like...

Show Comments

Extras

Curator's Pick Apr 14, 2016ReportNominate
Tags:Emmy Quiz, Quick Pick Quiz

Top Quizzes Today


Score Distribution

Your Account Isn't Verified!

In order to create a playlist on Sporcle, you need to verify the email address you used during registration. Go to your Sporcle Settings to finish the process.

Report this User

Report this user for behavior that violates our Community Guidelines.

Details: